Представление документа в формате RUSMARC

ПолеНазваниеЗначение
  Тип записи i
  Библиографический уровень m
001 Контрольный номер LIBNET\0000435694
005 Дата корректировки 20250121111045.6
010 Индекс ISBN __
d Цена 300-00
100 Данные общей обработки __
a Данные общей обработки 19161017d2013####||| 0rusy0189 ca
101 Язык документа 0_
a Язык текста rus
102 Страна публикации __
a Страна публикации RU|
105 Кодированные данные (монография) __
a Кодированные данные (монография) nn|||||||||zy
127 Кодированные данные (звукозаписи-физические характеристики) __
a Продолжительность проигрывания 28 ч
200 Заглавие и сведения об ответственности 1_
a Заглавие Лев Толстой. Бегство из рая
e Сведения, относящиеся к заглавию [16+]
f Первые сведения об ответственности Павел Басинский ; [читает Ефим Каменецкий]
b Общее обозначение материала Звукозапись
210 Выходные данные 1_
a Место издания Москва
c Издательство Аудиокнига
d Дата издания 2013
215 Физическое описание __
a Объем 2 электрон. опт. диска (Audio CD)
c Иллюстрации/тип воспроизводства зв.
d Формат 12х14 см
225 Серия 2_
a Серия Бестселлер
230 Специфическая характеристика материала: электронные ресурсы __
a Обозначение и объем ресурса Электронные звуковые данные
300 Общие примечания __
a Общие примечания Заглавие с этикетки диска
323 Примечание о главных создателях, исполнителях, участниках __
a Примечание о главных создателях, исполнителях, участниках Каменецкий, Е. (читает)
330 Аннотация __
a Аннотация Ровно 100 лет назад в Ясной Поляне произошло событие, которое потрясло весь мир. Восьмидесятидвухлетний писатель граф Л. Н. Толстой ночью, тайно бежал из своего дома в неизвестном направлении. С тех пор обстоятельства ухода и смерти великого старца породили множество мифов и легенд… Известный писатель и журналист Павел Басинский на основании строго документального материала, в том числе архивного, предлагает не свою версию этого события, а его живую реконструкцию. Шаг за шагом вы можете проследить всю жизнь и уход Льва Толстого, разобраться в причинах его семейной драмы и тайнах подписания им духовного завещания.
333 Примечание о целевом назначении __
a Примечание о целевом назначении 16+. Для детей старше 16 лет
337 Примечание о системных требованиях (электронные ресурсы) __
a Примечание о системных требованиях (электронные ресурсы) Системные требования: CD-плеер с поддержкой MP3 или Pentium-233 с Windows 9x-XP ; CD-ROM ; звуковая карта
517 Другие варианты заглавия 1_
a Другие варианты заглавия Бегство из рая
517 Другие варианты заглавия 1_
a Другие варианты заглавия Лев Толстой
600 Персоналии _1
a Персоналии (Фамилия) Толстой, Л. Н.
f Даты 1828-1910
g Полное имя Лев Николаевич
606 Тематические рубрики __
a Основная рубрика Литературоведение
z Хронологическая подрубрика 19 в.
606 Тематические рубрики __
a Основная рубрика Русская литература XIX в.
610 Ключевые слова 0_
a Ключевые слова биографии
a Ключевые слова биографические данные
a Ключевые слова биографические материалы
a Ключевые слова документальные биографии
a Ключевые слова персоналии
a Ключевые слова писатели
686 Индексы других классификаций __
2 Код системы rubbks
a Классификационный индекс 83.3(2=411.2)52-8я04
700 Автор _1
a Фамилия Басинский
b Имя П. В.
f Даты 1961-
g Полное личное имя Павел Валерьевич
4 Код отношения 070
801 Источник записи _0
a Страна RU
b Организация Муниципальное бюджетное учреждение культуры "Централизованная библиотечная система" г. Сургут (Центральная городская библиотека им. А. С. Пушкина)
c Дата составления 20161017
g Правила каталогизации КиК/Котельникова
801 Источник записи _1
a Страна RU
b Организация Муниципальное бюджетное учреждение культуры "Централизованная библиотечная система" г. Сургут (Центральная городская библиотека им. А. С. Пушкина)
c Дата составления 20161017
g Правила каталогизации КиК/Котельникова
852 Данные о местонахождении __
j Шифр хранения 83.3(2=411.2)52-8я04
i Авторский знак Б 27
901 Тип документа __
t Тип документа 0
903 Характеристики (МАРС) __
a Дата передачи 20161017
969 Тип издания __
a Тип издания аудиокнига; издание для слепых
990 Данные о заказе (DOS) __
j Количество экземпляров (DOS) 2
t N записи в КСУ для И/У (DOS) 201610